Statistics for 2019 NBA draft

Click here to take the quiz!

General Stats

  • This quiz has been taken 628 times
  • The average score is 13 of 30

Answer Stats

SchoolAnswer% Correct
DukeZion Williamson
99%
Murray StateJa Morant
98%
DukeRj Barrett
91%
VirginiaDe’andre Hunter
71%
DukeCam Reddish
68%
VanderbiltDarius Garland
67%
TennesseeGrant Williams
66%
North CarolinaCoby White
58%
Texas TechJarrett Culver
58%
TexasJaxson Hayes
50%
North CarolinaCameron Johnson
49%
KentuckyKeldon Johnson
49%
GonzagaRui Hachimura
43%
KentuckyTyler Hero
37%
KentuckyPJ Washington
33%
IndianaRomeo Langford
33%
MichiganJordan Poole
27%
Virginia TechNickeil-Alexander-Walker
26%
GonzagaBrandon Clarke
25%
USCKevin Porter Jr.
25%
North CarolinaNassir Little
25%
Georgia (country)Goga Bitadze
23%
FranceSekou Doumbouya
23%
AuburnChuma Okeke
22%
VirginiaTy Jerome
21%
WashingtonMatisse Thybulle
18%
BelmontDylan Windler
16%
High SchoolDarius Bazley
15%
CroatiaLuka Samanic
13%
CanadaMfioundu Kabengele
6%

Score Distribution

Percentile by Number Answered

Percent of People with Each Score

Your Score History

You have not taken this quiz